LIBRARY & INFORMATION CENTRE, KCAET, TAVANUR

ONLINE PUBLIC ACCESS CATALOGUE (OPAC)

Pomegranate Cultivation in India / (Record no. 1281)

MARC details
000 -LEADER
fixed length control field 00379cam a2200145ua 4500
041 ## - LANGUAGE CODE
Language code of text/sound track or separate title eng
082 ## - DEWEY DECIMAL CLASSIFICATION NUMBER
Classification number 634.64
Item number NAG/PO
100 ## - MAIN ENTRY--AUTHOR NAME
Personal name Nagpal, R.L .
245 ## - TITLE STATEMENT
Title Pomegranate Cultivation in India /
260 ## - PUBLICATION, DISTRIBUTION, ETC. (IMPRINT)
Place of publication :
Name of publisher Indian Council for Agricultural Research ,
Year of publication 1964.
300 ## - PHYSICAL DESCRIPTION
Number of Pages 30 ; .
942 ## - ADDED ENTRY ELEMENTS (KOHA)
Koha item type Books
Holdings
Withdrawn status Lost status Damaged status Home library Current library Date acquired Cost, normal purchase price Full call number Accession Number Koha item type
Withdrawn     KAUAET KAUAET 07/04/2012 0.50 634.64 7845 Books
free website counter